Pokémon - Les attaques de Feunard d'Alola - Statistiques

Statistiques générales
  • Ce quiz a été pris 16 fois
  • Le résultat moyen est 11 sur 18
Statistiques - réponses
Niveaux Types Noms des attaques % Correct
Départ Glace Laser Glace
100%
Départ Évolution Fée Éclat Magique
92%
Départ Glace Blizzard
83%
Départ Glace Éclats Glace
75%
Départ Glace Poudreuse
75%
Départ Glace Vent Glace
75%
Départ Glace Brume
67%
Départ Spectre Dépit
58%
Départ Normal Mimi-Queue
58%
Départ Glace Onde Boréale
58%
Départ Glace Voile Aurore
58%
Départ Psy Extrasenseur
50%
Départ Spectre Onde Folie
50%
Départ Spectre Rancune
50%
Départ Psy Possessif
42%
Départ Glace Glaciation
33%
Départ Ténèbres Machination
33%
Départ Normal Entrave
17%
Aucun quiz correspondant
Distribution des résultats
% des personnes avec chaque résultat
Percentile par nombre de réponses
Votre historique - résultats
Vous n’avez pas pris ce quiz